000 00812nam a2200229 a 4500
001 000042697
005 20240530073922.0
008 140205s2012 dr r 000 p spa d
020 _a9789945404883
040 _aDO-SdBNP
_bspa
_cBNPHU
082 _aRD861.44
_bM385t
100 1 _aMartínez, Frank,
_d1965-
_920617
245 1 0 _aTres veces niego mi nombre /
_cFrank Martínez.
260 _aSanto Domingo :
_bEdiciones de Cultura,
_bSINACREN,
_c2012.
300 _a99 p. ;
_c23 cm.
500 _aIncluye datos biográficos del autor en la solapa de la cubierta
590 _aInventariado, 2018/LP
650 0 _aNovela dominicana
_9223
650 0 _aLiteratura dominicana.
_967
710 2 _aSistema Nacional de Creación Literaria (República Dominicana)
_968044
910 _aValidado. Control de calidad. MFF
999 _c42186
_d42186